000 01657cam a22001814a 4500
005 20250605164055.0
008 250528s ||||||||||||||||||||||||d
035 _a17434
040 _aGR-AtMCL
_bgre
_dGR-AtMCL
_eAACR2
245 1 _aΣημειώσεις Στατικής Ι / Ισοστατικοί Φορείς
260 _bΕθνικό Μετσόβιο Πολυτεχνείο,
_c1989
300 _a148
520 _aΑντικείμενο της Στατικής, Ισοστατικοί Φορείς, Δυνάμεις - Φορτία, Εξισώσεις Ισορροπίας, Αρχή Δράσεως - Αντιδράσεως, Στηρίξεις των Φορέων, Ισοστατικός Σχηματισμός, Ισοστατικός Τρόπος Στηρίξεως, Σύνθετοι Φορείς, Παραδοχές, Μεγέθη Εντάσεως Ολόσωμων Φορέων, Σχέσεις Φορτίσεως και Εντατικών Μεγεθών, Βασικές Επιλύσεις, Χάραξη Διαγραμμάτων Εντάσεως, Δύο Παραδείγματα, Απλές Δοκοί, Δοκοί Gerber, Τριαρθρωτό Πλαίσιο, Σχοινοειδής Φορέας, Καλώδια, Ειδικοί Φορείς, Δικτυώματα, Γραμμές Επιρροής, Ο Καθορισμός των Γραμμών Επιρροής, Η Αρχή των Δυνατών Έργων, Υπολογισμός των Παραμορφόσεων, Θεώρημα Betti - Maxwell, Παράρτημα Ασκήσεων.
700 1 _aΣταυρίδης Λεωνίδας
_93590
942 _cBK
999 _c2855
_d2855